Jak se dělí slova : abecední seznam slov s naznačeným dělením a s úvodním výkmladem o stavbě českých slov

Saved in:
Bibliographic Details
Main Author Haller, Jiří, 1896-1971 (Author)
Format Book
LanguageCzech
Published Praha : Státní pedagogické nakladatelství, 1956
Edition1. vyd.
Subjects
Physical Description177 s.

Cover

LEADER 00000cam a22000007a 4500
001 6579
003 CZ-ZlUTB
005 20190825232103.0
008 950218s1956 xr |||||r|||||||||||cze|d
040 |a ZLD002  |b cze  |c ZLD002  |d ZLD002 
072 7 |a 81  |x Lingvistika. Jazyky  |2 Konspekt  |9 11 
100 1 |a Haller, Jiří,  |d 1896-1971  |7 jk01033246  |4 aut 
245 1 0 |a Jak se dělí slova :  |b abecední seznam slov s naznačeným dělením a s úvodním výkmladem o stavbě českých slov 
250 |a 1. vyd. 
260 |a Praha :  |b Státní pedagogické nakladatelství,  |c 1956 
300 |a 177 s. 
650 0 4 |a dělení 
650 0 4 |a slova 
650 0 4 |a SLOVNÍKY 
910 |a ZLD002 
952 |0 0  |1 0  |4 0  |6 8085HALLERJ  |7 0  |8 BOOK  |9 10913  |a UTBZL  |b UTBZL  |c 030  |d 2006-07-29  |i 23799  |l 0  |o 808.5/HALLER,J.  |p 420010002274  |r 2019-08-25 00:00:00  |w 2019-08-25  |x 20100831  |y 05 
992 |a BK  |b SK 
999 |c 6579  |d 6579